Yale law journal / (Record no. 846)

000 -LEADER
fixed length control field 00747nam a22001817a 4500
003 - CONTROL NUMBER IDENTIFIER
control field OSt
005 - DATE AND TIME OF LATEST TRANSACTION
control field 20140116120839.0
008 - FIXED-LENGTH DATA ELEMENTS--GENERAL INFORMATION
fixed length control field 111217t xxu||||| |||| 00| 0 eng d
022 ## - INTERNATIONAL STANDARD SERIAL NUMBER
International Standard Serial Number 00440094
245 ## - TITLE STATEMENT
Title Yale law journal /
Medium [Electronic resource]
260 ## - PUBLICATION, DISTRIBUTION, ETC. (IMPRINT)
Place of publication, distribution, etc New Haven :
Name of publisher, distributor, etc Yale Law Journal,
Date of publication, distribution, etc 1996-
300 ## - PHYSICAL DESCRIPTION
Extent e-resource - no physical copies
505 ## - FORMATTED CONTENTS NOTE
Formatted contents note Contains original scholarly work in all fields of law and legal study; includes articles, essays, and book reviews written by professors and legal practitioners throughout the world
533 ## - REPRODUCTION NOTE
Type of reproduction Electronic reproduction
Agency responsible for reproduction The Yale Law Journal Co
Note about reproduction Accessible via Ebscohost databases.
650 ## - SUBJECT ADDED ENTRY--TOPICAL TERM
Topical term or geographic name as entry element Law
856 ## - ELECTRONIC LOCATION AND ACCESS
Materials specified Publisher URL.
Uniform Resource Identifier <a href="http://www.yalelawjournal.org/">http://www.yalelawjournal.org/</a>
942 ## - ADDED ENTRY ELEMENTS (KOHA)
Source of classification or shelving scheme
Koha item type Electronic Journal
Holdings
Withdrawn status Lost status Source of classification or shelving scheme Damaged status Not for loan Home library Current library Date acquired Total Checkouts Full call number Date last seen Price effective from Koha item type
          Riara University Library Riara University Library 17/12/2011   Electronic journal 17/12/2011 17/12/2011 Electronic Journal

Riara University Library,
P.O. Box 49940-00100,
Nairobi, Kenya.